| 000 | 01245 a2200193 4500 | ||
|---|---|---|---|
| 003 | Nust | ||
| 005 | 20230228161344.0 | ||
| 010 | _a 00007476 | ||
| 040 | _cNust | ||
| 082 | 0 | 0 | _a621.382,SKL |
| 100 | 1 | _aSklar, Bernard, | |
| 245 | 1 | 0 |
_aDigital communications : _bfundamentals and applications / _cBernard Sklar. |
| 250 | _a2nd ed. | ||
| 260 |
_aUpper Saddle River, N.J. : _bPrentice-Hall PTR, _cc2001. |
||
| 300 |
_axxiv, 1079 p. : _bill. ; _c25 cm. + _e1 computer optical disc (4 3/4 in.) |
||
| 505 | _aSignals and Spectra (Page-1), Formatting and Baseband Modulation (Page-55), Baseband Demodulation/Detection (Page-104), BandPass Modulation and Demodulation/Detection (Page-167), Communications Link Analysis (Page-242), Channel Coding Part-1 (Page-304), Channel Coding: Part-II (Page 381), Channel Coding: Part-3 (Page-437), Modeling and Coding Trade Offs (Page-521), Synchronization (Page-599), Multiplexing and Multiple Access (Page-657), Spread Spectrum Techniques (Page-718), Source Coding (Page-804), Encryption and decryption (Page-891), Fading Channels (Page-945), Optimum detection and Estimation (Page-1011), Fundamentals of Statistical Decision Theory (Page-1035). | ||
| 650 | 0 |
_aDigital communications. _9237 |
|
| 942 |
_2ddc _cBK |
||
| 999 |
_c218137 _d218137 |
||